=LDR 00000nam 2200000 4500 =001 INLIS000000000017956 =005 20130612113139 =008 ***********************************Ind** =035 ##$$0010-061300000017956 =041 ##$$a Ind =082 ##$$a 696 =090 ##$$a 696, Sri b =100 ##$$a Sriwidharto =245 ##$$a Buku pedoman ahli pemasangan pipa, Sri Widharto =260 ##$$a 1995 $b Jakarta =300 ##$$a vii, 231 hlm, ilus, 23 cm =650 ##$$a Pipa, Pemasangan =850 ##$$a NBPNMAT